| 000 | 01430cam a2200373 a 4500 | ||
|---|---|---|---|
| 001 | 12569065 | ||
| 003 | OSt | ||
| 005 | 20150408114205.0 | ||
| 008 | 011025s2003 dcua 000 0 eng d | ||
| 010 | _a 2001097390 | ||
| 015 | _aGBA3-17647 | ||
| 016 | 7 |
_a088385645x _2Uk |
|
| 020 | _a088385645X (pbk.) | ||
| 035 | _a(DLC)12569065 | ||
| 040 |
_aUk _cUk _dUk _dNNU _dDLC |
||
| 042 | _alccopycat | ||
| 050 | 0 | 0 |
_aQA43 _b.S285 2003 |
| 082 | 0 | 0 |
_a510 _222 _bSSM |
| 100 | 1 |
_aSavchev, Svetoslav. _942545 |
|
| 245 | 1 | 0 |
_aMathematical miniatures / _cSvetoslav Savchev, Titu Andreescu. |
| 260 |
_aWashington, D.C. : _bMathematical Association of America, _cc2003. |
||
| 300 |
_axi, 223 p. : _bill. ; _c23 cm. |
||
| 440 | 0 |
_aAnneli Lax new mathematical library ; _vv. 43 _942546 |
|
| 650 | 0 |
_aMathematics _vProblems, exercises, etc. |
|
| 650 | 0 | _aProblem solving. | |
| 700 | 1 |
_aAndreescu, Titu, _d1956- _942547 |
|
| 710 | 2 |
_aMathematical Association of America. _914464 |
|
| 856 | 4 | 2 |
_3Publisher description _uhttp://www.loc.gov/catdir/description/cam041/2001097390.html |
| 856 | 4 | 1 |
_3Table of contents _uhttp://www.loc.gov/catdir/toc/cam041/2001097390.html |
| 906 |
_a7 _bcbc _ccopycat _d3 _encip _f20 _gy-gencatlg |
||
| 942 |
_2ddc _cDVD |
||
| 999 |
_c33387 _d267887 |
||